Povinnosti na konci účtovného roka z hľadiska zákona o účtovníctve

Koniec roka je obdobie, kedy všetky účtovné jednotky musia zostaviť účtovnú závierku, ktorá je veľmi podstatná a významným krokom. Účtovná jednotka by jej mala venovať veľkú pozornosť a dostatok času.

Gespeichert in:
Bibliographische Detailangaben
1. Verfasser: Macháčová, Tatiana
Format: Buchkapitel
Sprache:Slowakisch
Schlagworte:
Tags: Tag hinzufügen
Keine Tags, Fügen Sie das erste Tag hinzu!

MARC

LEADER 00000naa a2200000 4500
001 0288456
005 20240417075217.8
041 0 |a slo 
044 |a SK 
245 1 0 |a Povinnosti na konci účtovného roka z hľadiska zákona o účtovníctve  |c Tatiana Macháčová 
520 |a Koniec roka je obdobie, kedy všetky účtovné jednotky musia zostaviť účtovnú závierku, ktorá je veľmi podstatná a významným krokom. Účtovná jednotka by jej mala venovať veľkú pozornosť a dostatok času. 
610 2 0 |a povinnosti pracovníkov 
610 2 0 |a povinnosti zamestnávateľov 
610 2 0 |a závierka účtovná 
610 2 0 |a účtovníctvo 
610 2 0 |a účtovníci 
610 2 0 |a zákony 
610 2 0 |a legislatíva 
610 2 0 |a právo 
610 2 0 |a jednotka účtovná 
100 1 |a Macháčová, Tatiana